| 000 | 00502nam a2200181 i 4500 | ||
|---|---|---|---|
| 001 | 99188 | ||
| 003 | ES-MaACL | ||
| 005 | 20230906182445.0 | ||
| 007 | t| | ||
| 008 | 050902s1956 sp ||||1| spa d | ||
| 100 | 1 |
_aAgacir. _977504 |
|
| 245 | 1 | 0 |
_aSalamanca de ayer / _cManuel Fulgencio Martín García. |
| 260 |
_aToledo : _b[s.n.], _c1956. |
||
| 300 |
_a163 p. ; _c18 cm. |
||
| 852 |
_aES-MaACL _jE-5047 _bR.89049 |
||
| 852 |
_aES-MaACL _jC-10703 _bR.38657 |
||
| 852 |
_aES-MaACL _jC-48681 _bR.80819 |
||
| 999 |
_c99188 _d99188 |
||